000 00711nam a2200229Ii 4500
003 JO-AjNU
008 230605s9999||||xx |||||||||||||| ||und||
017 _a1432/4892
020 _a978-603-00-7520-1
040 _aJO-AjNU
_bara
_erda
_cJO-AjNU
041 _aara
050 1 4 _aBP130 2011
100 3 _aاليحيى، فهد بن عبد الرحمن,
_eauthor
_956377
245 0 0 _aالقرآن الكريم في الجوال مسائله الفقهية
250 _aط1
264 3 1 _aالرياض: المؤلف، 2011
300 _a79ص
336 _atext
_btxt
_2rdacontent
337 _aunmediated
_bn
_2rdamedia
338 _avolume
_bnc
_2rdacarrier
650 4 _aالقرآن الكريم
_956378
999 _aA25201
_c28769
_d28769